000 00589cam a22002293a 4500
001 20748
003 PGUSA
005 20140828083437.0
008 070305s2007||||xxu|||||s|||||000 | eng d
040 _aPGUSA
_beng
042 _adc
050 4 _aPZ
245 1 0 _aFavorite Fairy Tales
_h[electronic resource]
260 _bProject Gutenberg,
_c2007
506 _aPublic domain in the USA.
516 _aElectronic text
653 _aFairy tales
700 1 _aMarshall, Logan
830 0 _aProject Gutenberg
_v20748
856 4 0 _uhttp://www.gutenberg.org/ebooks/20748
942 _cEB
999 _c250003
_d250003